[Event "EU-ch U20"]
[Site "Arnhem"]
[Date "1988.??.??"]
[Round "6"]
[White "Dreev, Alexey"]
[Black "Horvath, Csaba"]
[Result "1-0"]
[WhiteElo "2495"]
[BlackElo "2390"]

1.d4 Nf6 2.Nf3 d5 3.c4 e6 4.Nc3 dxc4 5.e4 Bb4 6.Bg5 c5 7.Bxc4 cxd4 8.Nxd4 Bxc3+
9.bxc3 Qa5 10.Bxf6 Qxc3+ 11.Kf1 gxf6 12.Rc1 Qa5 13.h4 Bd7 14.Rh3 Nc6 15.Nb5 Ne5
16.Nd6+ Ke7 17.Nxb7 Qb6 18.Rb3 Ba4 19.Rxb6 Bxd1 20.Rbb1 Ba4 21.Ba6 Bd7 22.Nc5 Rab8
23.f4 Nc6 24.Nxd7 Kxd7 25.Bb5 Rhc8 26.Rc5 Rb6 27.Rbc1 Kd6 28.e5+ fxe5 29.fxe5+ Nxe5
30.Rxc8 Rxb5 31.Rd1+ Ke7 32.Rc7+ Kf6 33.Rxa7 Rb4 34.h5 Kf5 35.Kg1 h6 36.a4 Kf4
37.Ra1 f5 38.Rc7 Rb6 39.a5 Ra6 40.Rb7  1-0

[Event "EU-ch U20"]
[Site "Arnhem"]
[Date "1988.??.??"]
[Round "8"]
[White "Dreev, Alexey"]
[Black "Gelfand, Boris"]
[Result "1-0"]
[WhiteElo "2495"]
[BlackElo "2585"]

1.d4 Nf6 2.Nf3 g6 3.c4 Bg7 4.Nc3 O-O 5.e4 d6 6.Be2 e5 7.O-O Qe8 8.dxe5 dxe5
9.Be3 b6 10.Nd5 Na6 11.Nd2 Nd7 12.Qa4 Bb7 13.Qa3 f5 14.c5 Bxd5 15.Qxa6 f4
16.exd5 fxe3 17.fxe3 Nxc5 18.Qc4 Bh6 19.Qc3 a5 20.Bc4 Kh8 21.Rxf8+ Bxf8 22.Nf3 Bg7
23.Qc2 Qe7 24.e4 Rf8 25.a3 Nxe4 26.Qxe4 Qc5+ 27.Kf1 Rf4 28.b4 Qf8 29.Qc2 e4
30.Re1 exf3 31.g3 Rd4 32.Bb5 Qf6 33.Re6 Qf7 34.Re8+ Bf8 35.Qc3 Qxd5 36.Bc6 Qc4+
37.Qxc4 Rxc4 38.Rxf8+ Kg7 39.Rf7+ Kxf7 40.Bd5+ Kf6 41.Bxc4 Ke5 42.bxa5 bxa5
43.Kf2 Kd4 44.Bb5 Kc5 45.Be8 Kc4 46.Bc6 Kc5 47.Bxf3  1-0

[Event "EU-ch U20"]
[Site "Arnhem"]
[Date "1988.??.??"]
[Round "9"]
[White "Lev, Ronen"]
[Black "Dreev, Alexey"]
[Result "1/2-1/2"]
[WhiteElo "2415"]
[BlackElo "2495"]

1.d4 d5 2.c4 c6 3.Nf3 Nf6 4.Nc3 e6 5.e3 Nbd7 6.Qc2 Bd6 7.Be2 O-O 8.b3 e5
9.cxd5 cxd5 10.Nb5 Bb4+ 11.Bd2 Bxd2+ 12.Nxd2 a6 13.dxe5 Nxe5 14.Nd4 Bg4 15.Bxg4 Nexg4
16.h3 Ne5 17.O-O Rc8 18.Qf5 Nc6  1/2-1/2

[Event "EU-ch U20"]
[Site "Arnhem"]
[Date "1988.??.??"]
[Round "10"]
[White "Delchev, Aleksander"]
[Black "Dreev, Alexey"]
[Result "0-1"]
[WhiteElo "2415"]
[BlackElo "2495"]

1.e4 e6 2.d4 d5 3.Nd2 Nf6 4.e5 Nfd7 5.c3 c5 6.f4 Nc6 7.Ndf3 Qb6 8.g3 cxd4
9.cxd4 Bb4+ 10.Kf2 g5 11.h3 gxf4 12.Bxf4 f6 13.Kg2 fxe5 14.dxe5 Be7 15.Rb1 Nf8
16.Ng5 Ng6 17.Qh5 Bxg5 18.Bd3 Bxf4 19.Bxg6+ Kd8 20.Bxh7 Qc7 21.Qh4+ Qe7 22.Qxf4 Qxh7
23.Qf6+ Kc7  0-1

[Event "EU-ch U20"]
[Site "Arnhem"]
[Date "1988.??.??"]
[Round "12"]
[White "Dreev, Alexey"]
[Black "Adams, Michael"]
[Result "1-0"]
[WhiteElo "2495"]
[BlackElo "2460"]

1.d4 Nf6 2.Nf3 e6 3.c4 b6 4.Nc3 Bb4 5.Qb3 a5 6.g3 Bb7 7.Bg2 O-O 8.O-O d5
9.cxd5 exd5 10.Bf4 Na6 11.Ne5 Ne4 12.Rac1 c5 13.Nxe4 dxe4 14.a3 g5 15.axb4 gxf4
16.bxc5 Bd5 17.Qxb6  1-0

[Event "EU-ch U20"]
[Site "Arnhem"]
[Date "1988.??.??"]
[Round "13"]
[White "Dreev, Alexey"]
[Black "Van Wely, Loek"]
[Result "1-0"]
[WhiteElo "2495"]
[BlackElo "2325"]

1.e4 c5 2.Nf3 e6 3.d3 Nc6 4.g3 d5 5.Qe2 Nge7 6.Bg2 g6 7.O-O Bg7 8.e5 Qc7
9.Re1 h6 10.h4 b6 11.c4 a6 12.Nc3 Bd7 13.Bf4 dxc4 14.dxc4 Nf5 15.Ne4 Ncd4
16.Qd3 Bc6 17.b4 O-O 18.Nxd4 Nxd4 19.bxc5 bxc5 20.Nxc5 Bxg2 21.Qxd4 Rfd8
22.Qe3 Qc6 23.Ne4 Bxe4 24.Qxe4 Qc5 25.Rac1 Rac8 26.Qe3 h5 27.Qxc5 Rxc5 28.Re4 Rb8
29.Rc2 Rb1+ 30.Kg2 a5 31.Kf3 a4 32.Be3 Rxe5 33.c5 Rxe4 34.Kxe4 Rb8 35.c6 Kf8
36.c7 Rc8 37.Bb6 f5+ 38.Kf3 Be5 39.Rd2 Rxc7 40.Bxc7 Bxc7 41.Rd7 Bb6 42.Rd6 Bc5
43.Rxe6 Kf7 44.Rc6  1-0

[Event "URS-ch otbor56"]
[Site "Barnaul"]
[Date "1988.??.??"]
[Round "?"]
[White "Dreev, Alexey"]
[Black "Kholmov, Ratmir D"]
[Result "1/2-1/2"]
[WhiteElo "2495"]
[BlackElo "2475"]

1.d4 Nf6 2.Nf3 e6 3.Bg5 d5 4.Nbd2 Nbd7 5.e3 Be7 6.Bd3 c5 7.c3 O-O 8.O-O b6
9.Ne5 Nxe5 10.dxe5 Nd7 11.Bxe7 Qxe7 12.f4 f6 13.exf6 Nxf6 14.Nf3 Bd7 15.Qe1 Qe8
16.Qe2 a6 17.b3 Bb5 18.c4 Bc6 19.a4 a5 20.Ne5 Rd8 21.Qf3 dxc4 22.Bxh7+ Nxh7
23.Qxc6 Qxc6 24.Nxc6 Rd3 25.bxc4 Rxe3 26.Rab1 Ra3 27.Rxb6 Rxa4 28.f5 Re8
29.fxe6 Rxc4 30.Rb7 Ng5 31.Ne7+ Kh8 32.Nf5 Rxe6 33.Rxg7 Rg4 34.h4 Nh3+ 35.Kh2 Rxg7
36.Nxg7 Kxg7 37.Kxh3 a4 38.Rc1 a3 39.Rxc5 a2 40.Rc1 Ra6 41.Ra1  1/2-1/2

[Event "URS-ch otbor56"]
[Site "Barnaul"]
[Date "1988.??.??"]
[Round "?"]
[White "Dreev, Alexey"]
[Black "Savchenko, Stanislav"]
[Result "1/2-1/2"]
[WhiteElo "2495"]
[BlackElo "2480"]

1.d4 e6 2.c4 f5 3.Nf3 Nf6 4.g3 c6 5.Bg2 d5 6.O-O Bd6 7.b3 Qe7 8.Bb2 O-O 9.Qc1 Bd7
10.Ba3 Be8 11.Bxd6 Qxd6 12.Qa3 Qxa3 13.Nxa3 Bh5 14.Rfe1 Nbd7 15.Nb1 Ne4 16.e3 Bxf3
17.Bxf3 Kf7 18.Bg2  1/2-1/2

[Event "URS-ch otbor56"]
[Site "Barnaul"]
[Date "1988.??.??"]
[Round "?"]
[White "Kishnev, Sergey"]
[Black "Dreev, Alexey"]
[Result "1/2-1/2"]
[WhiteElo "2375"]
[BlackElo "2495"]

1.d4 e6 2.c4 f5 3.Nf3 Nf6 4.Qc2 b6 5.g3 Bb7 6.Bg2 Bb4+ 7.Bd2 Bxd2+ 8.Nbxd2 O-O
9.O-O c5 10.Rfd1 Qe7 11.Rac1 d6 12.Nb1 Be4 13.Qd2 Nc6 14.Nc3 Rad8 15.e3 h6
16.Qe2 Qf7 17.Rd2 Qb7 18.Nxe4 fxe4 19.Ne1 Qf7 20.f3 Qg6 21.f4 cxd4 22.exd4 e5
23.Nc2 exf4 24.gxf4 Ne7 25.Kh1 Nf5 26.Rg1 Rde8 27.Bh3 Qh5 28.Qg2 Re7 29.Bxf5 Qxf5
30.Rf2 d5 31.Ne3 Qh5 32.b3 Rd8 33.Rd1 Red7 34.Rfd2 a5 35.Qg3 Kh8 36.Kg2 Qf7
37.f5 Qe7 38.Qf4 a4 39.Kh1 Qb4 40.Nxd5 Nxd5 41.cxd5 axb3 42.axb3 Qxb3 43.Qxe4  1/2-1/2

[Event "URS-ch otbor56"]
[Site "Barnaul"]
[Date "1988.??.??"]
[Round "?"]
[White "Yurtaev, Leonid"]
[Black "Dreev, Alexey"]
[Result "1/2-1/2"]
[WhiteElo "2485"]
[BlackElo "2495"]

1.Nf3 d5 2.c4 c6 3.d4 Nf6 4.cxd5 cxd5 5.Nc3 Nc6 6.Bf4 Bf5 7.e3 e6 8.Rc1 Bd6
9.Bg3 O-O 10.Bd3 Bxd3 11.Qxd3 a6 12.Bh4 Be7 13.Bg3 Bd6 14.Bh4 Be7 15.Bg3 Bd6  1/2-1/2

[Event "Borzhomi"]
[Site "Borzhomi"]
[Date "1988.??.??"]
[Round "?"]
[White "Dreev, Alexey"]
[Black "Ulibin, Mikhail"]
[Result "1-0"]
[WhiteElo "2495"]
[BlackElo "2390"]

1.d4 e6 2.Nf3 Nf6 3.Bg5 c5 4.e3 Be7 5.Nbd2 b6 6.c3 O-O 7.Bd3 Ba6 8.Bxa6 Nxa6
9.O-O Nb8 10.e4 d5 11.dxc5 bxc5 12.exd5 Nxd5 13.Ne4 Bxg5 14.Nfxg5 h6 15.Nf3 Nd7
16.c4 N5f6 17.Nc3 Qa5 18.Qc2 Rfe8 19.Rad1 e5 20.Rfe1 Re6 21.Nh4 Nb8 22.Qa4 Qxa4
23.Nxa4 Nbd7 24.Nf5 Kf8 25.b3 h5 26.Ng3 g6 27.Ne4 Rc8 28.Rd2 Rc7 29.Ng5 Re7
30.Rd6 Kg7 31.Red1 Nb8 32.Kf1 Nfd7 33.Ne4 f5 34.Ng5 Rc8 35.R1d5 Kh6 36.h4 f4
37.Ne4 Rc6 38.Naxc5 Nxc5 39.Rxc5 Rxd6 40.Nxd6 Nd7 41.Rc7 a5 42.c5  1-0

[Event "Borzhomi"]
[Site "Borzhomi"]
[Date "1988.??.??"]
[Round "?"]
[White "Dreev, Alexey"]
[Black "Shirov, Alexei"]
[Result "0-1"]
[WhiteElo "2495"]
[BlackElo "2380"]

1.d4 Nf6 2.Nf3 g6 3.c4 Bg7 4.Nc3 O-O 5.e4 d6 6.Be2 e5 7.O-O Nc6 8.d5 Ne7
9.Nd2 a5 10.Rb1 Nd7 11.a3 f5 12.b4 Kh8 13.f3 f4 14.Nb3 axb4 15.axb4 g5 16.c5 Nf6
17.Bd2 Ng6 18.c6 b6 19.Be1 Rg8 20.Nd2 h5 21.Nb5 g4 22.Ra1 Rxa1 23.Qxa1 g3
24.Qa8 Nh7 25.hxg3 fxg3 26.f4 exf4 27.Qb8 Ne5 28.Rxf4 Qg5 29.Rf3 Nxf3+ 30.Bxf3 Qe3+
31.Kf1 Ba6  0-1

[Event "Borzhomi"]
[Site "Borzhomi"]
[Date "1988.??.??"]
[Round "?"]
[White "Dreev, Alexey"]
[Black "Akopian, Vladimir"]
[Result "0-1"]
[WhiteElo "2495"]
[BlackElo "2455"]

1.d4 Nf6 2.Nf3 g6 3.c3 Bg7 4.Bf4 O-O 5.e3 d6 6.Be2 Nbd7 7.h3 Qe8 8.Bh2 e5
9.Qc2 Qe7 10.O-O Re8 11.a4 e4 12.Nfd2 Nf8 13.c4 h5 14.Nc3 Bf5 15.b4 N8h7
16.c5 d5 17.a5 Ng5 18.Nb5 Rec8 19.a6 b6 20.Rfc1 Ne8 21.Ra3 c6 22.Nd6 Nxd6
23.cxd6 Qe8 24.Rc3 Bd7 25.Qa2 Qe6 26.Bd1 Bf8 27.Bf4 Nh7 28.b5 cxb5 29.Rxc8 Rxc8
30.Rxc8 Bxc8 31.Bb3 Nf6 32.Be5 Bxd6 33.Bxf6 Qxf6 34.Bxd5 Qe7 35.Nxe4 Bb8
36.Qb1 Bxa6 37.Nc5 Qd6 38.Bxf7+ Kg7 39.Ne6+ Kxf7 40.Ng5+ Ke7 41.Qa2 Bc8 42.Qg8 Kd7
43.Qg7+ Kc6 44.e4 Bc7 45.Nf7 Qh2+ 46.Kf1 Ba6 47.Qxg6+ Kb7 48.Qf5 b4+ 49.Ke1 b3
50.Kd2 Qf4+ 51.Qxf4 Bxf4+ 52.Kc3 Bc4 53.d5 Bb5 54.Kb2  0-1

[Event "Borzhomi"]
[Site "Borzhomi"]
[Date "1988.??.??"]
[Round "?"]
[White "Janjgava, Lasha"]
[Black "Dreev, Alexey"]
[Result "0-1"]
[WhiteElo "2470"]
[BlackElo "2495"]

1.d4 d5 2.c4 e6 3.Nc3 c6 4.Nf3 Nf6 5.e3 Nbd7 6.Qc2 Bd6 7.Be2 O-O 8.O-O dxc4
9.Bxc4 b5 10.Be2 Bb7 11.e4 e5 12.dxe5 Nxe5 13.Bg5 Nxf3+ 14.Bxf3 Be5 15.Bh4 Re8
16.Rfe1 Qd6 17.Bg3 Qc5 18.Rac1 Rac8 19.Qe2 Qb6 20.Red1 a5 21.b3 Bxg3 22.hxg3 Re5
23.Rd6 Qc7 24.Qd2 Qe7 25.Rd1 Nd5 26.exd5 Qxd6 27.Ne4 Qf8 28.d6 Rd8 29.Qxa5 f5
30.Nc3 Rxd6 31.Rf1 Rde6 32.Qc7 Qf7 33.Qb6 Re1 34.a4 Qe7 35.Rxe1 Rxe1+ 36.Kh2 Qg5
37.Qd4 c5 38.Qd6 Bxf3  0-1

[Event "Frunze"]
[Site "Frunze"]
[Date "1988.??.??"]
[Round "?"]
[White "Yurtaev, Leonid"]
[Black "Dreev, Alexey"]
[Result "1-0"]
[WhiteElo "2485"]
[BlackElo "2495"]

1.e4 c6 2.d4 d5 3.exd5 cxd5 4.c4 Nf6 5.Nc3 Nc6 6.Bg5 Be6 7.Bxf6 exf6 8.c5 a6
9.Nge2 b6 10.b4 Be7 11.Qa4 b5 12.Qb3 a5 13.Nxb5 axb4 14.Nf4 Qa5 15.Bd3 Rb8
16.Nxd5 O-O 17.O-O Rxb5 18.Bxb5 Qxb5 19.Rfe1 Bd8 20.Rad1 Na5 21.Qxb4 Qa6
22.Nb6 Nc6 23.Qc3 Bxb6 24.cxb6 Ne7 25.Qc5 Nd5 26.Rb1 Qb7 27.Qd6 g5 28.Rec1 Nf4
29.Qc6 Qb8 30.Qb5 Bd5 31.g3 Bf3 32.Rb2 Rc8 33.Rc7 Re8 34.Qa5 Qd8 35.gxf4 Qxd4
36.Rb1 Qxf4 37.h3 Be4 38.Qa4 Rf8 39.Re1 f5 40.Qb3  1-0

[Event "Frunze"]
[Site "Frunze"]
[Date "1988.??.??"]
[Round "?"]
[White "Timoshchenko, Gennadi A"]
[Black "Dreev, Alexey"]
[Result "1/2-1/2"]
[WhiteElo "2455"]
[BlackElo "2495"]

1.d4 e6 2.c4 f5 3.g3 Nf6 4.Nh3 d6 5.Bg2 c6 6.O-O Be7 7.Nc3 O-O 8.b3 e5 9.d5 Ne4
10.Nxe4 fxe4 11.Be3 c5 12.Kh1 Bf5 13.Qd2 Nd7 14.f3 exf3 15.Rxf3 Qe8 16.Bg5 h6
17.Bxe7  1/2-1/2

[Event "Frunze"]
[Site "Frunze"]
[Date "1988.??.??"]
[Round "?"]
[White "Kozlov, V."]
[Black "Dreev, Alexey"]
[Result "1/2-1/2"]
[WhiteElo "2410"]
[BlackElo "2495"]

1.d4 d5 2.c4 c6 3.cxd5 cxd5 4.Nc3 Nc6 5.Bf4 Nf6 6.e3 Bf5 7.Bd3 Bxd3 8.Qxd3 e6
9.Nf3 Bd6 10.Bxd6 Qxd6 11.O-O O-O 12.Rfc1 Rfc8 13.a3  1/2-1/2

[Event "Frunze"]
[Site "Frunze"]
[Date "1988.??.??"]
[Round "?"]
[White "Kharitonov, Andrei Y"]
[Black "Dreev, Alexey"]
[Result "1/2-1/2"]
[WhiteElo "2550"]
[BlackElo "2495"]

1.d4 Nf6 2.c4 e6 3.Nc3 d5 4.cxd5 exd5 5.Bg5 Be7 6.e3 Nbd7 7.Bd3 O-O 8.Nf3 c6
9.Qc2 Re8 10.O-O Nf8 11.Ne5 Ng4 12.Bxe7 Qxe7 13.Nxg4 Bxg4 14.Bf5 Bxf5 15.Qxf5 Qd7
16.Qxd7 Nxd7 17.Rae1 f5 18.g3  1/2-1/2

[Event "Frunze"]
[Site "Frunze"]
[Date "1988.??.??"]
[Round "?"]
[White "Dreev, Alexey"]
[Black "Yermolinsky, Alex"]
[Result "1/2-1/2"]
[WhiteElo "2495"]
[BlackElo "2460"]

1.d4 d5 2.c4 dxc4 3.e3 e5 4.Bxc4 exd4 5.exd4 Bb4+ 6.Nc3 Nf6 7.Nf3 O-O 8.O-O Bg4
9.Bg5 Be7 10.h3 Bxf3 11.Qxf3 Nc6 12.Rad1 h6 13.Bh4 Nxd4 14.Qxb7 c5 15.Rfe1 Bd6
16.Nd5 g5 17.Bg3 Bxg3 18.fxg3 Nxd5 19.Qxd5 Qxd5 20.Bxd5 Rae8 21.Kf2 Kg7 22.Rxe8 Rxe8
23.b4 Rd8 24.Bc4 cxb4 25.a3 a5 26.axb4 axb4 27.Rb1 Rb8 28.Rd1 Nc6 29.Rd6 Na5
30.Bd3 b3 31.Ra6 Rd8 32.Ke3 Nb7 33.Rb6 Nc5 34.Bc4 Rd1 35.Rb5 Rc1 36.Kd4 Ne4
37.Rxb3 Rxc4+ 38.Kxc4 Nd2+ 39.Kc3 Nxb3 40.Kxb3 Kf6  1/2-1/2

[Event "Frunze"]
[Site "Frunze"]
[Date "1988.??.??"]
[Round "?"]
[White "Dreev, Alexey"]
[Black "Nenashev, Alexander"]
[Result "1/2-1/2"]
[WhiteElo "2495"]
[BlackElo "2445"]

1.d4 Nf6 2.Nf3 b6 3.c4 Bb7 4.Nc3 e6 5.a3 Ne4 6.Nxe4 Bxe4 7.e3 g6 8.Bd3 Bxd3
9.Qxd3 Bg7 10.O-O O-O 11.e4 d6 12.Bf4 Nd7 13.Rad1 Qe7 14.Rfe1 e5 15.dxe5 Nxe5
16.Bxe5 Bxe5 17.Nxe5 Qxe5  1/2-1/2

[Event "Frunze"]
[Site "Frunze"]
[Date "1988.??.??"]
[Round "?"]
[White "Dreev, Alexey"]
[Black "Klovans, Janis"]
[Result "1-0"]
[WhiteElo "2495"]
[BlackElo "2400"]

1.d4 d5 2.c4 e6 3.Nc3 Be7 4.Bf4 Nf6 5.e3 O-O 6.a3 c5 7.dxc5 Bxc5 8.Nf3 Nc6
9.b4 Be7 10.Qc2 Bd7 11.Rd1 Rc8 12.Be2 dxc4 13.e4 Qe8 14.O-O h6 15.Qd2 e5
16.Nxe5 Nxe5 17.Bxe5 Ba4 18.Rde1 Bb3 19.Qe3 Nd7 20.Bd4 a5 21.Nd5 Bd6 22.Bg4 axb4
23.axb4 c3 24.Qh3  1-0

[Event "Frunze"]
[Site "Frunze"]
[Date "1988.??.??"]
[Round "?"]
[White "Dreev, Alexey"]
[Black "Chekhov, Valery A"]
[Result "1/2-1/2"]
[WhiteElo "2495"]
[BlackElo "2480"]

1.d4 d5 2.c4 dxc4 3.e3 Nf6 4.Bxc4 e6 5.Nf3 a6 6.O-O c5 7.dxc5 Bxc5 8.Qxd8+ Kxd8
9.a3 Ke7 10.b4 Ba7 11.Bb2 b5 12.Be2 Bb7 13.Nbd2 Nbd7 14.Rac1 Rhc8  1/2-1/2

[Event "Moscow-B"]
[Site "Moscow"]
[Date "1988.??.??"]
[Round "?"]
[White "Zaitsev, Igor A"]
[Black "Dreev, Alexey"]
[Result "1/2-1/2"]
[WhiteElo "2395"]
[BlackElo "2490"]

1.e4 e6 2.d4 d5 3.e5 c5 4.c3 Qb6 5.Nf3 Bd7 6.a3 Ne7 7.dxc5 Qxc5 8.c4 Qc7
9.Nc3 dxc4 10.Bf4 Bc6 11.Rc1 Nd5 12.Nxd5 Bxd5 13.Qa4+ Qd7 14.Qxd7+ Nxd7 15.Bxc4 Bxc4
16.Rxc4 Nb6 17.Rc2 Nd5 18.Bd2 Be7 19.Ke2 Kd7 20.Rhc1 Bd8 21.Nd4 Bc7 22.f4 g5  1/2-1/2

[Event "Moscow-B"]
[Site "Moscow"]
[Date "1988.??.??"]
[Round "?"]
[White "Thorsteins, Karl"]
[Black "Dreev, Alexey"]
[Result "1/2-1/2"]
[WhiteElo "2430"]
[BlackElo "2490"]

1.d4 e6 2.c4 d5 3.Nc3 Nf6 4.Bg5 Nbd7 5.cxd5 exd5 6.e3 Be7 7.Bd3 O-O 8.Nf3 c6
9.O-O Re8 10.Qc2 Nf8 11.Ne5 Ng4 12.Bxe7 Rxe7 13.Nxg4 Bxg4 14.Rae1 Qd6  1/2-1/2

[Event "Moscow-B"]
[Site "Moscow"]
[Date "1988.??.??"]
[Round "?"]
[White "Kochyev, Alexander"]
[Black "Dreev, Alexey"]
[Result "1/2-1/2"]
[WhiteElo "2480"]
[BlackElo "2490"]

1.d4 d5 2.c4 c6 3.Nf3 Nf6 4.e3 Bf5 5.Nc3 e6 6.Bd3 Bxd3 7.Qxd3 Nbd7 8.O-O Be7
9.e4 dxe4 10.Nxe4 O-O 11.Bf4 Qa5 12.Bd2 Qc7 13.Rad1 Rad8 14.Bc3 Nxe4 15.Qxe4 Nf6
16.Qe2 a5 17.b3  1/2-1/2

[Event "Moscow-B"]
[Site "Moscow"]
[Date "1988.??.??"]
[Round "?"]
[White "Dreev, Alexey"]
[Black "Zaichik, Gennadi"]
[Result "1-0"]
[WhiteElo "2490"]
[BlackElo "2510"]

1.d4 d6 2.Nf3 Nf6 3.c3 Bg4 4.Bg5 Bxf3 5.exf3 Nbd7 6.Bd3 h6 7.Bh4 e6 8.O-O Be7
9.f4 O-O 10.Nd2 Re8 11.Re1 Nf8 12.f5 exf5 13.Bxf5 g6 14.Bd3 Nh5 15.Bxe7 Rxe7
16.Qf3 Rxe1+ 17.Rxe1 d5 18.Qe3 Qg5 19.Qxg5 hxg5 20.Re5 Nh7 21.h3 Kf8 22.g3 Rd8
23.Nf3 f6 24.Re3 Kf7 25.c4 c6 26.cxd5 cxd5 27.Bc2 Ng7 28.Ra3 a6 29.Rb3 Rd7
30.Rb6 Nf5 31.Bxf5 gxf5 32.Nd2 Nf8 33.Nb3 Ne6 34.Nc5 Nxc5 35.dxc5 a5 36.Kf1 Re7
37.Rd6 Rc7 38.Rxd5 Ke6 39.Rd6+ Ke5 40.Rb6 Rxc5 41.Kg2 a4 42.a3 g4 43.h4 f4
44.gxf4+ Kf5 45.Rxb7 Kxf4 46.Rb4+ Kf5 47.Rxa4 Rc2 48.Rb4 Ke5 49.Rxg4 Rxb2
50.h5 Kf5 51.Rg3  1-0

[Event "Moscow-B"]
[Site "Moscow"]
[Date "1988.??.??"]
[Round "?"]
[White "Dreev, Alexey"]
[Black "Matlak, Marek"]
[Result "1-0"]
[WhiteElo "2490"]
[BlackElo "2420"]

1.d4 d5 2.c4 e6 3.Nf3 c6 4.Nc3 Nf6 5.e3 Nbd7 6.Qc2 Be7 7.Be2 O-O 8.O-O b6
9.e4 dxe4 10.Nxe4 c5 11.Bf4 Bb7 12.Nd6 Bc6 13.h3 Ne8 14.Nb5 Qc8 15.Rfd1 Qb7
16.Qd3 Ndf6 17.Qb3 a6 18.Nc3 cxd4 19.Rxd4 Nd7 20.Rad1 h6 21.Qc2 Rc8 22.a3 Nef6
23.b4 e5 24.Nxe5 Nxe5 25.Bxe5 Bxg2 26.Qf5 Bc6 27.Bxf6 Bxf6 28.Bd3  1-0

[Event "Moscow-B"]
[Site "Moscow"]
[Date "1988.??.??"]
[Round "?"]
[White "Dreev, Alexey"]
[Black "Danailov, Silvio"]
[Result "1/2-1/2"]
[WhiteElo "2490"]
[BlackElo "2415"]

1.d4 Nf6 2.Nf3 e6 3.c4 b6 4.Nc3 Bb7 5.a3 d5 6.cxd5 Nxd5 7.Qc2 Nxc3 8.Qxc3 h6
9.Bf4 Bd6 10.Bxd6 cxd6 11.e3 O-O 12.Be2 Nd7  1/2-1/2

[Event "URS-FL56"]
[Site "Simferopol"]
[Date "1988.??.??"]
[Round "?"]
[White "Dreev, Alexey"]
[Black "Tukmakov, Vladimir B"]
[Result "1/2-1/2"]
[WhiteElo "2495"]
[BlackElo "2590"]

1.d4 d5 2.c4 c6 3.Nf3 Nf6 4.e3 Bf5 5.Bd3 Bxd3 6.Qxd3 e6 7.O-O Nbd7 8.Nc3 Bb4
9.b3 O-O 10.Bb2 a5 11.Rfd1 Qb8 12.Nd2 Ng4 13.g3 f5 14.f3 Ngf6 15.cxd5 Nxd5
16.a3 Bxc3 17.Bxc3 e5 18.Bb2 e4 19.fxe4 fxe4 20.Nxe4 Qe8 21.Re1 Qh5 22.Qe2 Qg6
23.Nf2 N7f6 24.Qd3 Qxd3 25.Nxd3 Ne4 26.Re2 Rfe8 27.Ne5 Ra6 28.Nc4 Nb6 29.Rd1 a4
30.Nxb6 Rxb6 31.bxa4 Rb3 32.d5 c5 33.d6 Rd8 34.d7 c4 35.Rd4 c3 36.Rxe4 Rxd7
37.Rb4 cxb2 38.Rxb3 Rd1+ 39.Kf2 b1=Q 40.Rxb1 Rxb1 41.Rd2 Rb3 42.Rd4 Rxa3
43.Rb4 Ra2+ 44.Kf3 Rxh2 45.Rxb7 Ra2 46.Ra7 h5 47.a5 g5 48.a6 Ra4 49.e4 Ra3+
50.Kf2 Ra2+ 51.Kf3 Ra3+ 52.Kg2 g4 53.Ra8+ Kg7 54.a7 Ra2+ 55.Kf1 Ra1+ 56.Kf2 Ra2+
57.Ke3 h4 58.gxh4 g3 59.Rb8 g2 60.Rb1 Rxa7 61.Rg1 Ra2 62.Kf3 Ra3+ 63.Kxg2 Kf6
64.Kf2 Ke5 65.Rg3 Ra1 66.Kf3 Rf1+ 67.Kg4 Kxe4 68.Kg5 Rf8 69.Ra3 Rg8+ 70.Kf6 Rf8+
71.Kg7 Rb8 72.h5 Kf5 73.Ra7 Rb6 74.h6 Rg6+ 75.Kh7 Rb6 76.Rg7 Ra6 77.Rg2 Ra7+
78.Kh8 Kf6 79.Rg8 Rb7 80.Rg7 Rb8+ 81.Kh7 Ra8 82.Rg6+ Kf5 83.Rg8 Ra6 84.Rg3 Rb6
85.Kg7 Rb7+ 86.Kh8 Kf6  1/2-1/2

[Event "URS-FL56"]
[Site "Simferopol"]
[Date "1988.??.??"]
[Round "?"]
[White "Ulibin, Mikhail"]
[Black "Dreev, Alexey"]
[Result "1/2-1/2"]
[WhiteElo "2390"]
[BlackElo "2495"]

1.e4 e6 2.d4 d5 3.exd5 exd5 4.Nf3 Nf6 5.Bg5 Bg4 6.Qe2+ Qe7 7.Bxf6 gxf6 8.Qxe7+ Bxe7
9.Nbd2 Nc6 10.c3 Bd6 11.Bb5 O-O-O 12.Bxc6 bxc6 13.O-O Rhe8 14.b4 Re2 15.Rfe1 Bxf3
16.Nxf3 Rc2 17.Rec1 Rb2 18.Rcb1 Rc2 19.Rc1 Rb2  1/2-1/2

[Event "URS-FL56"]
[Site "Simferopol"]
[Date "1988.??.??"]
[Round "?"]
[White "Kharitonov, Andrei Y"]
[Black "Dreev, Alexey"]
[Result "1/2-1/2"]
[WhiteElo "2550"]
[BlackElo "2495"]

1.d4 Nf6 2.c4 e6 3.Nc3 d5 4.cxd5 exd5 5.Bg5 Be7 6.e3 O-O 7.Bd3 Nbd7 8.Qc2 Re8
9.Nf3 c6 10.O-O Nf8 11.Ne5 Ng4 12.Bxe7 Qxe7 13.Nxg4 Bxg4 14.Bf5 Bxf5 15.Qxf5 Qd7
16.Qxd7 Nxd7  1/2-1/2

[Event "URS-FL56"]
[Site "Simferopol"]
[Date "1988.??.??"]
[Round "?"]
[White "Khalifman, Alexander"]
[Black "Dreev, Alexey"]
[Result "1/2-1/2"]
[WhiteElo "2530"]
[BlackElo "2495"]

1.Nf3 d5 2.d4 Nf6 3.c4 c6 4.Nc3 e6 5.g3 Ne4 6.Bg2 Bb4 7.Qc2 Qa5 8.Bd2 Nxd2
9.Nxd2 Nd7 10.O-O O-O 11.e4 dxe4 12.Ndxe4 e5 13.a3 Be7 14.d5 Qa6 15.d6 Bd8
16.Nd2 Bg5 17.Nce4 Bh6 18.Nb3 b6 19.h4 Bb7 20.Ng5 g6 21.Rad1  1/2-1/2

[Event "URS-FL56"]
[Site "Simferopol"]
[Date "1988.??.??"]
[Round "?"]
[White "Dreev, Alexey"]
[Black "Yurtaev, Leonid"]
[Result "1-0"]
[WhiteElo "2495"]
[BlackElo "2485"]

1.d4 Nf6 2.Nf3 g6 3.c3 Bg7 4.Bf4 O-O 5.e3 d6 6.Be2 Nfd7 7.e4 Nc6 8.O-O e5
9.dxe5 dxe5 10.Be3 Qe7 11.Nbd2 f5 12.exf5 gxf5 13.Bg5 Qe8 14.Nb3 Kh8 15.Qd2 Nf6
16.Bh6 Rg8 17.Bb5 e4 18.Nfd4 Qg6 19.Bxg7+ Rxg7 20.g3 Ne5 21.Be2 b6 22.Qf4 Neg4
23.Bxg4 Nxg4 24.f3 exf3 25.Nxf3 Bb7 26.Nbd4 c5 27.Nxf5 Rag8 28.Nxg7 Qxg7
29.Rae1 h5 30.Nh4 Ba8 31.Qf7  1-0

[Event "URS-FL56"]
[Site "Simferopol"]
[Date "1988.??.??"]
[Round "?"]
[White "Dreev, Alexey"]
[Black "Yudasin, Leonid"]
[Result "1/2-1/2"]
[WhiteElo "2495"]
[BlackElo "2505"]

1.d4 Nf6 2.Nf3 e6 3.c4 d5 4.Nc3 dxc4 5.e4 Bb4 6.Bg5 c5 7.Bxc4 cxd4 8.Nxd4 Bxc3+
9.bxc3 Qa5 10.Bxf6 Qxc3+ 11.Kf1 gxf6 12.Rc1 Qa5 13.h4 Ke7 14.Rh3 Nc6 15.Nxc6+ bxc6
16.Rd3 Rb8 17.Kg1 Rd8 18.Rxd8 Qxd8 19.Qh5 Qd4 20.Bb3 Rb4 21.Rxc6 Bd7 22.Rc7 Qd6
23.Rxa7 Rxe4 24.Qa5 Re5 25.Qc3 Qb6 26.Rc7 Rf5 27.Qg3 Qb4 28.Qc3 Qb6 29.Qg3 Qb4
30.Rc1 Rf4 31.Rd1 Rxh4 32.Qd3 Qb5 33.Qd6+ Ke8 34.Qg3 Rh5 35.Bxe6 fxe6 36.Qg8+ Ke7
37.Qg7+ Ke8  1/2-1/2

[Event "URS-FL56"]
[Site "Simferopol"]
[Date "1988.??.??"]
[Round "?"]
[White "Yermolinsky, Alex"]
[Black "Dreev, Alexey"]
[Result "0-1"]
[WhiteElo "2460"]
[BlackElo "2495"]

1.Nf3 d5 2.c4 c6 3.e3 Nf6 4.Nc3 e6 5.d4 Nbd7 6.Bd3 dxc4 7.Bxc4 b5 8.Bd3 Bb7
9.e4 b4 10.Na4 c5 11.e5 Nd5 12.O-O cxd4 13.Nxd4 Nxe5 14.Bb5+ Nd7 15.Re1 Rc8
16.Qg4 Nf6 17.Qh3 a6 18.Bxd7+ Qxd7 19.Nxe6 fxe6 20.Nb6 Qf7 21.Rxe6+ Be7 22.Rxf6 Rd8  0-1

[Event "URS-FL56"]
[Site "Simferopol"]
[Date "1988.??.??"]
[Round "?"]
[White "Dreev, Alexey"]
[Black "Janjgava, Lasha"]
[Result "1-0"]
[WhiteElo "2495"]
[BlackElo "2470"]

1.e4 c5 2.Nf3 e6 3.d3 Nc6 4.g3 d5 5.Qe2 Nf6 6.Bg2 Be7 7.O-O b6 8.e5 Nd7 9.c4 d4
10.h4 h6 11.h5 Bb7 12.Nbd2 Qc7 13.Re1 O-O-O 14.a3 a5 15.Bh3 Rdg8 16.Ne4 g6
17.hxg6 Rxg6 18.Bf4 h5 19.Nfg5 Nd8 20.b4 cxb4 21.axb4 Bxb4 22.Reb1 Nxe5 23.Bg2 Ndc6
24.Nxf7 Rf8 25.c5 Rxf7 26.Nd6+ Kd8 27.Bxe5 Nxe5 28.Nxb7+ Ke7 29.cxb6 Qb8
30.Nxa5 Bd6 31.Rb5 Qh8 32.b7 Rf8 33.Rxe5 Bxe5 34.Nc6+ Kd6 35.Ra6 Bxg3 36.Ne5+ Kc7
37.Qc2+  1-0

[Event "Vilnius"]
[Site "Vilnius"]
[Date "1988.??.??"]
[Round "?"]
[White "Shabalov, Alexander"]
[Black "Dreev, Alexey"]
[Result "1-0"]
[WhiteElo "2400"]
[BlackElo "2485"]

1.Nf3 Nf6 2.c4 e6 3.g3 d5 4.Bg2 c6 5.b3 Nbd7 6.Bb2 Bd6 7.O-O O-O 8.Nc3 b6
9.Qc2 Bb7 10.d4 Rc8 11.Rab1 Rc7 12.Rfe1 h6 13.a3 Qa8 14.e4 dxe4 15.Nxe4 Nxe4
16.Rxe4 Nf6 17.Ree1 Be7 18.Ne5 Nd7 19.Nd3 Rd8 20.Qe2 Nf6 21.Nf4 Rcd7 22.Bh3 Rd6
23.b4 Ba6 24.Qc2 b5 25.c5 R6d7 26.Rxe6 Bc8 27.Re5 Rc7 28.Bg2 Bg4 29.Rbe1 Bf8
30.Qb3 Qc8 31.d5 cxd5 32.Nxd5 Nxd5 33.Bxd5 Bh3 34.Qf3 Rcd7 35.Qh5 Rxd5 36.Rxd5 Qc6
37.Ree5 f6 38.f3 Ra8 39.Re3 Be6 40.Rd2 a5 41.Qg6  1-0

[Event "Vilnius"]
[Site "Vilnius"]
[Date "1988.??.??"]
[Round "?"]
[White "Epishin, Vladimir"]
[Black "Dreev, Alexey"]
[Result "0-1"]
[WhiteElo "2475"]
[BlackElo "2485"]

1.c4 e6 2.g3 d5 3.Bg2 c6 4.Nf3 dxc4 5.a4 Nf6 6.Na3 Qd5 7.Qc2 Bxa3 8.bxa3 Nbd7
9.Bb2 e5 10.Rc1 e4 11.Nd4 O-O 12.f3 exf3 13.Nxf3 Re8 14.Qxc4 Qxc4 15.Rxc4 Nb6
16.Rh4 Ne4 17.Ne5 Nc5 18.a5 Nd5 19.Kf2 f6 20.Nc4 Be6 21.Rb1 Bf5 22.Re1 Rad8
23.g4 Bd3 24.g5 fxg5 25.Rd4 Nf4 26.Rxd8 Rxd8 27.Ne5 Be4 28.Bxe4 Nxe4+ 29.Kf3 Nxd2+
30.Kg4 h6 31.a6 bxa6 32.Rc1 Rb8 33.Rc2 Nf1 34.Bc1 Rf8 35.e4 Re8 36.Nf3 Rxe4
37.Kf5 Ne3+ 38.Bxe3 Rxe3 39.Ne5 Rxa3 40.h4 Nd5 41.Rb2 gxh4  0-1